00469 a2200169 450000100060000002000150000604000220002110000270004324000370007024500320010730000070013936200090014665000110015594200070016695201090017399900170028259084 a8570562896 cAnchieta - Pituba aRezende, Antonio Paulo10aUma trama revolucionária?lpor10aUma trama revolucionária? a590 a1990 4aBrasil cBK 00104070a91.1b91.1d2023-11-21l0o981 R467t REZ TRAp10030/PITr2023-11-21 18:27:00w2023-11-21yBK c59084d59084